| 000 | 00834nam a2200217 i 4500 | ||
|---|---|---|---|
| 001 | bg | ||
| 245 | 0 | 0 |
_aZintegrowane systemy biblioteczne w aspekcie stworzenia jednolitego systemu bibliotecznego : _bBiałystok - Supraśl 17-19 czerwca 1996 : materiały konferencyjne / _cBiblioteka Główna Politechniki Białostockiej. |
| 260 |
_aBiałystok : _bWydawnictwa PB, _c1996. |
||
| 300 |
_a158 s. : _b3 rys. ; _c23 cm. |
||
| 504 | _aBibliogr. s. 53-54, 132, 146. | ||
| 650 | 9 |
_aBibliotekarstwo _xautomatyzacja _zPolska |
|
| 650 | 9 |
_aSystemy informatyczne _xstosowanie _xbibliotekarstwo _zPolska |
|
| 655 | _aMateriały konferencyjne | ||
| 020 | _a8386272392 | ||
| 040 | _cBPK | ||
| 041 | 0 | _apl | |
| 080 | _a025:681.322.004:681.324](438)(061.3) | ||
| 920 | _a83-86272-39-2 | ||
| 942 | _cKS | ||
| 008 | s pl f |000 0 pol | ||
| 999 |
_c31018 _d31018 |
||
| 856 |
_uhttp://koha.tu.koszalin.pl/cgi-bin/koha/opac-detail.pl?biblionumber=31018 _yKatalog online BPK |
||